Grisú, hulleras y laboratorios : (Record no. 78401)

MARC details
000 -LEADER
campo de control de longitud fija 00726nam a2200181 i 4500
001 - NÚMERO DE CONTROL
campo de control 78401
003 - IDENTIFICADOR DE NÚMERO DE CONTROL
campo de control ES-MaACL
005 - FECHA Y HORA DE LA ÚLTIMA TRANSACCIÓN
campo de control 20230906173705.0
007 - CAMPO FIJO DE DESCRIPCIÓN FÍSICA--INFORMACIÓN GENERAL
campo de control de longitud fija t|
008 - DATOS DE LONGITUD FIJA--INFORMACIÓN GENERAL
campo de control de longitud fija 041014s1906 sp ||||1| spa d
100 1# - ENTRADA PRINCIPAL--NOMBRE DE PERSONA
Nombre de persona Hauser, Enrique.
9 (RLIN) 62111
245 10 - MENCIÓN DEL TÍTULO
Título Grisú, hulleras y laboratorios :
Resto del título memoria descriptiva del viaje en comisión al extranjero /
Mención de responsabilidad, etc. verificado por Enrique Hauser en cumplimiento de la R.O. del Ministerio de Agricultura del 14 de febrero de 1905 ; publicado por la Escuela de Minas.
260 ## - PUBLICACIÓN, DISTRIBUCIÓN, ETC.
Lugar de publicación, distribución, etc. Madrid :
Nombre del editor, distribuidor, etc. [s.n.],
Fecha de publicación, distribución, etc. 1906 (
Fabricante Est. Tip. de E. Teodoro)
300 ## - DESCRIPCIÓN FÍSICA
Extensión 45 p. ;
Dimensiones 23 cm.
650 #4 - PUNTO DE ACCESO ADICIONAL DE MATERIA--TÉRMINO DE MATERIA
Término de materia o nombre geográfico como elemento de entrada Minas de carbón.
9 (RLIN) 165080
710 2# - ENTRADA AGREGADA--NOMBRE DE ENTIDAD CORPORATIVA
Nombre de entidad corporativa o nombre de jurisdicción como elemento de entrada Escuela de Minas de Madrid.
9 (RLIN) 3554
852 ## - LOCALIZACIÓN
Ubicación ES-MaACL
Número de control de estantería T-1079-F-6
Holdings
Estatus retirado Estado de pérdida Estado de daño No para préstamo Colección Biblioteca de origen Biblioteca actual Ubicación en estantería Fecha de adquisición Fuente de adquisición Total de préstamos Signatura topográfica completa Código de barras Visto por última vez Precio de reemplazo Tipo de ítem Koha
        Colección de folletos Biblioteca del Ateneo de Madrid Biblioteca del Ateneo de Madrid Depósito folletos 17/01/2008     T-1079-F-6 1082008 23/02/2023 23/02/2023 Folleto